000 00229 a2200097 4500
001 42173
100 _aBellew H W
245 _aA Dictionary of Pukkhto Language
260 _a
_bSaeed Book B & S Agency
_c
090 _c26162
_d26162
942 _aNUST-CAE
_cM
_c17961
999 _c277246
_d277246